000 00421nam a2200157Ia 4500
008 240729s9999 xx 000 0 und d
022 _a2212-0025
245 0 _aIndian Journal of Transplantation
260 _aIndia
260 _bWolters Kluwer Medknow Publications
650 _a Surgery
650 _aMedicine
856 _uhttps://doaj.org/toc/e4777a4aee624dc3820e83689302cad9
942 _2ddc
942 _cDOAJEJ
999 _c70250
_d70250
945 _a1
_bMadushi Gamage
_c1
_dMadushi Gamage